000 00885cam a2200205 i 4500
005 20251118123014.0
008 250721s2012 jo gr 000 0 ara d
082 1 4 _a210.42612
_bز غ و
100 1 _aالزغول، راتب عبد الرحيم
_eمؤلف.
245 1 2 _aالبيان في مراحل و عناصر خلق الإنسان :
_bالروح..النفس..الجسد..الحياة..والعلاقة مابين القلب والعقل /
_cتأليف أبي عبيدة راتب عبد الرحيم الزغول.
250 _aالطبعة الاولى.
264 3 1 _aعمان :
_bدار المأمون للنشر والتوزيع،
_c2012.
300 _a176 صفحة.
650 1 7 _aالاسلام.
650 1 7 _aالعقيدة الدينية.
650 1 7 _aالبشرية.
653 _aخلق الانسان.
942 _2ddc
_cBK
999 _c128017
_d128017